00532nam a22001577a 450000500170000001000150001702000260003203500140005803700130007208200120008510000220009724501230011926000250024227000860026730000210035320220422130853.0 aENG-132355 a9789389226225c150.00 aEN-115887 bDBAD/PUB a624.023 aRajendran, Kannan aCareer Opportunities in Civil Engineering:bA guide to Choose Your Job Profile in Civil Engineering/cKannan Rajendran aChennaibCoralc2019 aNo.8,6th Cross, 8th Main Road, Vaishnavi Nagar, ThriumullaivoyalbChennaie600109 a168p.c22cm(pbk)